000 00787nam a2200229Ia 4500
003 OSt
005 20250530151130.0
008 210716s2017 xx 000 0 und d
020 _a9781786468284
040 _cAIMIT LIBRARY
041 _aeng
082 _a006.671
_21
_bVERP
100 _aVerhas, Peter.
_9211874
245 _aJava 9 programming by example :
_byour guide to software development /
_cBy Peter Verhas.
250 _a1st ed.
260 _aNew Delhi :
_bPackt Publishing Ltd ,
_c2017.
300 _aviii,486p. ;
_bPB
_c24.1 cm
650 _aOptimizing the sort-making code professional
_9211875
650 _aMastermind- creating a game
_9211876
650 _aBuilding an accounting application using reactive programming
_9211877
942 _2ddc
_cBK
_e1st
_k006.671 VERP
999 _c196597
_d196597